000 00299 a2200133 4500
000 nam a22 7a 4500
100 _aPillai, Biju
110 _aPillai, Biju
245 _aCrime and Society
250 _aLatest edition
260 _bOxford
_c2024
264 _bOxford
_c2024
942 _cBK
999 _c396187
_d396187